| 000 | 00413cam a22001337a 4500 | ||
|---|---|---|---|
| 008 | 180718b1978 xxu||||| |||| 00| 0 eng d | ||
| 082 | _aA6x5412 C392 V.2 | ||
| 245 |
_aBengal : Early nineteenth century _cedited by Gautam Chattopadhyay |
||
| 260 |
_aCalcutta _bResearch India _c1978 |
||
| 300 | _axix,281p. | ||
| 500 | _aRs. 60.00 | ||
| 650 | _aBengal (India) --Intellectual life. | ||
| 700 | _aChattopadhyay, Gautam | ||
| 999 |
_c412422 _d412422 |
||